000 00196 a2200097 4500
001 42688
100 _aGunther
245 _aD Day
260 _aLondon
_bHamish Hamilton
_c
090 _c26582
_d26582
942 _aNUST-CAE
_cM
_c18427
999 _c277761
_d277761